000 00554nam a22001817a 4500
005 20240409145821.0
010 _aB-758627
020 _a9780670086603
_c399.00
035 _aB-758627
037 _bGift
082 _a967.51034
100 _aSundaram, Anjan
_964496
245 _aStringer:
_ba reporter's journey in the Congo /
_cby Anjan Sundaram
260 _aNew Delhi
_bPenguin Books
_c2013
270 _a11 Community Centre, Panchsheel Park
_bNew Delhi
_e110017
300 _a231p.
_c22cm(Hb)
942 _2ddc
_cEN
_h967.51034
_mSUN
999 _c202024
_d202024